Znepokojenie spotrebe neprospieva

1. časť príspevku Európski spotrebitelia. Výsledky štúdie, ktorej cieľom je objasniť všeobecnú náladu Európanov a ich postoja k spotrebe v roku 2005 nepredpovedajú oživenie spotreby. Úspory víťazia. Postavenie veľkoplošných špeciálnych predajní a miera spokojnosti ich zákazníkov. Slovenský trh - Slo...

Full description

Saved in:
Bibliographic Details
Main Author: Hinková-Dibarborová, Andrea
Format: Book Chapter
Language:Slovak
Subjects:
Tags: Add Tag
No Tags, Be the first to tag this record!

MARC

LEADER 00000naa$a2200000$$$4500
001 0033956
005 20231107130023.4
041 0 |a slo 
044 |a SK 
245 1 0 |a Znepokojenie spotrebe neprospieva  |c Andrea Hinková-Dibarborová 
520 |a 1. časť príspevku Európski spotrebitelia. Výsledky štúdie, ktorej cieľom je objasniť všeobecnú náladu Európanov a ich postoja k spotrebe v roku 2005 nepredpovedajú oživenie spotreby. Úspory víťazia. Postavenie veľkoplošných špeciálnych predajní a miera spokojnosti ich zákazníkov. Slovenský trh - Slováci reagujú najmä zľavy a akciové ponuky. 
610 2 0 |a obchod 
610 2 0 |a spotrebitelia 
610 2 0 |a spokojnosť zákazníkov 
610 2 0 |a predajne 
610 2 0 |a spotreba 
610 2 0 |a kúpyschopnosť 
610 2 0 |a Slovensko 
610 2 0 |a Európa 
100 1 |a Hinková-Dibarborová, Andrea